Chargement en cours...

Rulemaking: how government agencies write law and make policy /

Détails bibliographiques
Auteur principal: Kerwin,, Cornelius M.
Autres auteurs: Furlong,, Scott R.
Format: Printed Book
Langue:English
Publié: Washington D.C.: CQ Press, 2011.
Édition:4
Sujets:
Law
LEADER 00699cam a2200217ua 4500
008 111221t2011||||||||||| 00 ||eng c
041 0 |a eng 
082 |a 342.730 66  |b KER/R 
100 |a Kerwin,, Cornelius M. 
245 1 0 |a Rulemaking: how government agencies write law and make policy /  
250 |a 4 
260 |a Washington D.C.:  |b CQ Press,  |c 2011. 
300 |a 327p.. 
362 1 |a 2011. 
650 |a Law 
650 0 |a Administrative procedure-United States 
650 0 |a Rulemaking-process 
700 0 2 |a Furlong,, Scott R. 
942 |c BK 
999 |c 31543  |d 31543 
952 |0 0  |1 0  |4 0  |6 342_730000000000000_66_KER  |7 0  |9 33417  |a KUCL  |b KUCL  |d 2014-05-23  |l 0  |o 342.730 66 KER/  |p 28036  |r 2014-05-23  |w 2014-05-23  |y BK